000 00486nam a2200169Ia 4500
999 _c22535
_d22535
003 OSt
005 20200207111418.0
008 190216s9999||||xx |||||||||||||| ||und||
040 _coclc
082 _a297
_bQUT/I
100 _aQutb, Muhammed
_91891
245 0 _aIslam: Innale, Innu, Nale /
_cMuhammed Qutb
260 _bIslamic Publishing House,
_c2001.
_aKozhikode:
300 _a146p
650 _aIslamic History
942 _cBK
_2ddc
_h297
_iQUT/I
_k297
_mQUT/I